MARC

LEADER 00000nam0a2200000 4500
001 119908
005 20231101215554.0
010 |a 5886100040 
020 |a RU  |b 94-7645 
035 |a (RuTPU)RU\TPU\book\129827 
090 |a 119908 
100 |a 20070813d1994 m y0rusy5003 ca 
101 1 |a rus  |c eng 
102 |a RU 
105 |a a z 000ay 
200 1 |a Приключения капитана Блада  |e [романы, повести]  |e пер. с англ.  |f Р. Сабатини 
210 |a Ярославль  |c Нюанс  |d 1994 
215 |a 688 с.  |c ил. 
225 1 |a Новая библиотека приключений 
606 1 |a Английская литература  |2 stltpush  |3 (RuTPU)RU\TPU\subj\29042  |9 52454 
610 1 |a художественная литература 
610 1 |a романы 
610 1 |a повести 
610 1 |a приключения 
610 1 |a история 
610 1 |a Англия 
610 1 |a пиратство 
610 1 |a 17 век 
675 |a 82  |v 3 
700 1 |a Сабатини  |b Р.  |c английский писатель, автор исторических романов  |f 1875-1950  |g Рафаэль  |2 stltpush  |3 (RuTPU)RU\TPU\pers\25756  |4 070 
801 0 |a RU  |b RuMRKP  |c 19950413  |g psbo 
801 1 |a RU  |b 63413507  |c 20070813  |g PSBO 
801 2 |a RU  |b 63413507  |c 20221004  |g PSBO 
942 |c BK